[Event "March 2009"]
[Site "http://www.queenalice.com/game.php?id=561258"]
[Date "2009.3.25"]
[Round "-"]
[White "Che"]
[Black "XtremeLM"]
[Result "0-1"]
[WhiteElo "1150"]
[BlackElo "1964"]

1. e4 d5 2. d3 dxe4 3. dxe4 Qxd1+ 4. Kxd1 e5 5. Nc3 Nf6 6. f3 Bc5 7. Bc4 O-O 8.
Nh3 Be6 9. Bd3 Nc6 10. f4 Rad8 11. fxe5 Nxe5 12. Bd2 Nxd3 13. e5 Ng4 14. Ne4
Ndf2+ 15. Ke2 Nxh1 16. Rxh1 Bc4+ 17. Kf3 Nxe5+ 18. Kf4 Bd4 19. Bb4 c5 20. Bxc5
Bxc5 21. Nxc5 Ng6+ 22. Kf5 Rd5+ 23. Kg4 Rxc5 24. Re1 f5+ 25. Kh5 f4+ 26. Ng5
Rff5 27. b3 Rxg5# 0-1

[Event "Che (0) vs Ademir (1)"]
[Site "http://www.queenalice.com/game.php?id=565563"]
[Date "2009.4.2"]
[Round "-"]
[White "Che"]
[Black "AdemirSegovia"]
[Result "1-0"]
[WhiteElo "1150"]
[BlackElo "1246"]

1. e4 e5 2. Nc3 Bc5 3. Nh3 d6 4. Qf3 Nf6 5. Bc4 Nc6 6. d3 h6 7. O-O Nd4 8. Qg3
Nh5 9. Qe3 Nxc2 10. Qf3 Nxa1 11. Qxf7# 1-0

[Event "Challenge"]
[Site "http://www.queenalice.com/game.php?id=570291"]
[Date "2009.4.11"]
[Round "-"]
[White "Drica"]
[Black "Che"]
[Result "1-0"]
[WhiteElo "1645"]
[BlackElo "1170"]

1. e4 e5 2. Qf3 Nh6 3. Bc4 Nc6 4. Ne2 d6 5. d3 Bg4 6. Qg3 Qd7 7. h3 Bh5 8. Nbc3
Be7 9. Qxg7 O-O-O 10. Qxh6 Rhg8 11. Qxh5 Bf6 12. Nd5 Nd4 13. Nxd4 exd4 14. Nxf6
Qe7 15. Nxg8 Rxg8 16. Qxh7 Qf8 17. Bxf7 Rxg2 18. Bh6 Qd8 19. Be6+ 1-0

[Event "Challenge"]
[Site "http://www.queenalice.com/game.php?id=570303"]
[Date "2009.4.11"]
[Round "-"]
[White "nandobr"]
[Black "Che"]
[Result "1-0"]
[WhiteElo "1424"]
[BlackElo "1168"]

1. e4 e5 2. Nf3 Bc5 3. Bc4 Qf6 4. d3 d6 5. O-O Qg6 6. Nh4 Qf6 7. Nf5 Qg6 8. Nh4
Qf6 9. Na3 g5 10. Bb5+ c6 11. Ba4 gxh4 12. b4 Qg6 13. bxc5 Bh3 14. Qf3 Ne7 15.
Qxh3 Rg8 16. cxd6 Nc8 17. Qxc8# 1-0

[Event "Che (1) vs Ademir (1) "]
[Site "http://www.queenalice.com/game.php?id=577143"]
[Date "2009.4.24"]
[Round "-"]
[White "Che"]
[Black "AdemirSegovia"]
[Result "0-1"]
[WhiteElo "1182"]
[BlackElo "1209"]

1. e4 e5 2. d4 exd4 3. Qxd4 Nc6 4. Qc4 Nf6 5. Nc3 Na5 6. Qa4 b6 7. Nb5 Bb7 8. e5
Ne4 9. Be2 Bc5 10. Bh5 Nxf2 11. b4 Nxh1 12. Nf3 Bf2+ 13. Kf1 Bxf3 14. Bxf3 Nc6
15. Qb3 a6 16. Bb2 axb5 17. Bg4 O-O 18. Bf5 Qh4 19. e6 fxe6 20. Qc3 Bd4 21. Qf3
Rxf5 22. Ke2 Rxf3 23. Kxf3 Rf8+ 24. Ke2 Rf2+ 25. Kd3 Nxb4# 0-1

[Event "Challenge"]
[Site "http://www.queenalice.com/game.php?id=579598"]
[Date "2009.4.28"]
[Round "-"]
[White "Che"]
[Black "XtremeLM"]
[Result "1-0"]
[WhiteElo "1162"]
[BlackElo "2007"]

1. e4 c5 2. Nc3 e6 3. d4 cxd4 4. Qxd4 Nc6 5. Qc4 Nf6 6. Nf3 d5 7. Qa4 Bd7 8. Bb5
a6 9. Bd3 Nb4 10. Qb3 dxe4 11. Bxe4 Nxe4 12. Nxe4 Qa5 13. a3 Nxc2+ 14. Kd1 Nxa1
15. Qxb7 Ba4+ 16. Ke2 Bb5+ 17. Ke3 Nc2+ 18. Kf4 Rd8 19. Ne5 g5+ 20. Kxg5 Be7+
21. Kh5 Be2+ 22. f3 Qxe5+ 23. Ng5 Qxg5+ 24. Bxg5 Rd5 25. Qxe7# 1-0

[Event "Challenge"]
[Site "http://www.queenalice.com/game.php?id=582653"]
[Date "2009.5.4"]
[Round "-"]
[White "vilmar357"]
[Black "Che"]
[Result "1-0"]
[WhiteElo "1557"]
[BlackElo "1190"]

1. e4 e5 2. Nf3 d6 3. Nc3 Nh6 4. d4 Qf6 5. Bg5 Qg6 6. Qd2 Ng4 7. Nh4 Qh5 8. Be2
Nc6 9. h3 Nxd4 10. hxg4 Bxg4 11. f3 f6 12. fxg4 Qf7 13. b3 h6 14. Bc4 Qd7 15.
Ng6 fxg5 16. Nxh8 Qxg4 17. Nb5 Qxe4+ 18. Be2 d5 19. Nxd4 Bc5 20. Qd3 1-0

[Event "Challenge"]
[Site "http://www.queenalice.com/game.php?id=585038"]
[Date "2009.5.8"]
[Round "-"]
[White "adriana_paixao"]
[Black "Che"]
[Result "1-0"]
[WhiteElo "1616"]
[BlackElo "1184"]

1. e4 e5 2. b3 Nc6 3. Bc4 Nh6 4. c3 d6 5. Qf3 Qg5 6. Ne2 Be7 7. h3 Bd7 8. Na3
O-O 9. d4 Qg6 10. d5 Na5 11. Bb5 c6 12. dxc6 bxc6 13. Bd3 d5 14. exd5 Bf5 15.
Bxf5 Nxf5 16. dxc6 Rac8 17. b4 Nxc6 18. g4 Nh4 19. Qd5 Rcd8 20. Qxc6 Qxc6 21.
Rg1 Qd5 22. Bd2 Qxd2+ 23. Kf1 1-0

[Event "Poirot x Che"]
[Site "http://www.queenalice.com/game.php?id=585627"]
[Date "2009.5.9"]
[Round "-"]
[White "Poirot"]
[Black "Che"]
[Result "1-0"]
[WhiteElo "1930"]
[BlackElo "1188"]

1. e4 e5 2. Nf3 d6 3. d4 Nc6 4. Bc4 Nh6 5. O-O Qf6 6. Nc3 Qg6 7. Nh4 Qf6 8. Nd5
Qxh4 9. Bxh6 gxh6 10. Nxc7+ Kd7 11. Nxa8 Kd8 12. Bxf7 Qg5 13. Qf3 Nxd4 14. Qd3
h5 15. c3 Nf5 16. exf5 1-0

[Event "Che x Poirot"]
[Site "http://www.queenalice.com/game.php?id=585628"]
[Date "2009.5.9"]
[Round "-"]
[White "Che"]
[Black "Poirot"]
[Result "0-1"]
[WhiteElo "1186"]
[BlackElo "1932"]

1. e4 e5 2. d3 Nf6 3. Nc3 Bb4 4. a3 Ba5 5. b4 Bb6 6. Nh3 O-O 7. Qf3 Nc6 8. Qg3
Nd4 9. Bh6 Nh5 10. Qxe5 Nxc2+ 11. Kd2 Nxa1 12. Qxh5 gxh6 13. g4 Nb3+ 14. Kd1 Qf6
15. Be2 Nd4 0-1

[Event "Challenge"]
[Site "http://www.queenalice.com/game.php?id=590196"]
[Date "2009.5.18"]
[Round "-"]
[White "Che"]
[Black "XtremeLM"]
[Result "0-1"]
[WhiteElo "1192"]
[BlackElo "1968"]

1. e4 e5 2. d3 d5 3. Nc3 d4 4. Nb5 a6 5. Na3 c5 6. b3 Nf6 7. Qf3 Bg4 8. Qg3 Qa5+
9. Bd2 Qxa3 10. Qxe5+ Be7 11. f3 Nc6 12. fxg4 Nxe5 0-1

[Event "Challenge"]
[Site "http://www.queenalice.com/game.php?id=590716"]
[Date "2009.5.19"]
[Round "-"]
[White "mulher_aranha"]
[Black "Che"]
[Result "1-0"]
[WhiteElo "1935"]
[BlackElo "1182"]

1. e4 e5 2. Qf3 Nh6 3. d3 d6 4. h3 c5 5. Nc3 Nc6 6. Nge2 Be6 7. a3 c4 8. dxc4
Bxc4 9. b4 b5 10. h4 Be7 11. Nd5 Nd4 12. Nxd4 Bxh4 13. Bxc4 bxc4 14. Nf5 Qc8 15.
Nxd6+ 1-0

[Event "Solid Snake vs Pee Wee Herman"]
[Site "http://www.queenalice.com/game.php?id=592099"]
[Date "2009.5.22"]
[Round "-"]
[White "XtremeLM"]
[Black "Che"]
[Result "1-0"]
[WhiteElo "1976"]
[BlackElo "1182"]

1. c4 e5 2. d4 d6 3. e4 Qf6 4. dxe5 dxe5 5. Nc3 Bc5 6. Nh3 Bxh3 7. f3 Nh6 8. Nd5
Qd6 9. gxh3 O-O 10. Bg5 Qg6 11. Be7 Nd7 12. Bxc5 Nxc5 13. Ne7+ Kh8 14. Nxg6+
fxg6 15. Qd5 b6 16. Qxe5 Rae8 17. Qxc7 Rf7 18. Qc6 Rxf3 19. Qxe8+ Ng8 20. Rd1
Re3+ 21. Be2 Rxe4 22. Qa8 h5 23. b4 Ne6 24. Qxe4 Nc7 25. Qxg6 Ne7 26. Rd8+ Ng8
27. Qxh5# 1-0

[Event "Friendly Match"]
[Site "http://www.queenalice.com/game.php?id=757644"]
[Date "2010.4.7"]
[Round "-"]
[White "Che"]
[Black "XtremeLM"]
[Result "0-1"]
[WhiteElo "1174"]
[BlackElo "1860"]

1. e4 c5 2. Nc3 e6 3. d3 d5 4. Bf4 Nc6 5. Nf3 a6 6. a4 h6 7. b3 d4 8. Ne2 g5 9.
Be5 f6 10. Ng3 fxe5 11. Nxe5 Nxe5 12. Qh5+ Nf7 13. e5 Qd5 14. c4 Qxe5+ 15. Be2
Nf6 16. Qg6 Rg8 0-1

[Event "Sem Pontuação. Só diversão."]
[Site "http://www.queenalice.com/game.php?id=783844"]
[Date "2010.6.1"]
[Round "-"]
[White "XtremeLM"]
[Black "Che"]
[Result "1-0"]
[WhiteElo "1841"]
[BlackElo "1172"]

1. Nf3 e6 2. d4 d5 3. Nc3 c6 4. e4 Ne7 5. Bd3 b6 6. O-O f5 7. e5 Ng6 8. Bg5 Qd7
9. a3 h6 10. Bh4 Nf4 11. b4 Qf7 12. Bg3 Nh5 13. Ne2 b5 14. a4 Bd7 15. c3 a5 16.
axb5 Be7 17. b6 Bc8 18. Rxa5 Qg6 19. Rxa8 f4 20. Bxf4 O-O 21. Rxb8 Qg4 22. g3 g5
23. b7 gxf4 24. Rxc8 Kf7 25. Rxf8+ Bxf8 26. b8=Q fxg3 27. Qc7+ Be7 28. hxg3 Qh3
29. Bg6+ Kxg6 30. Qxe7 Ng7 31. Nf4+ 1-0

[Event "Treinamento"]
[Site "http://www.queenalice.com/game.php?id=961462"]
[Date "2011.7.17"]
[Round "-"]
[White "Che"]
[Black "XtremeLM"]
[Result "0-1"]
[WhiteElo "1170"]
[BlackElo "2003"]

1. e4 c5 2. c4 Nc6 3. d3 e5 4. a4 d6 5. Nc3 Nf6 6. Nf3 Be7 7. Nh4 Ng4 8. g3 Nxf2
9. Qf3 Nxh1 10. Qxh1 Nd4 11. Nd5 Nc2+ 12. Kf2 Nxa1 13. Qf3 Bxh4 14. a5 O-O 15.
Ke1 Nc2+ 16. Kd1 Nd4 17. Qe3 Bg5 18. Qf2 Bxc1 19. Kxc1 Qxa5 20. h4 Nb3+ 21. Kc2
Nd4+ 22. Kb1 f5 23. h5 Be6 24. Bh3 fxe4 25. Bxe6+ Nxe6 26. Qe2 Nd4 27. Qg4 Rf1+
0-1